Internal Combustion Engines (Record no. 610415)
[ view plain ]
| 000 -LEADER | |
|---|---|
| fixed length control field | 00357nam a22001457a 4500 |
| 020 ## - INTERNATIONAL STANDARD BOOK NUMBER | |
| International Standard Book Number | 0070494576 |
| 040 ## - CATALOGING SOURCE | |
| Transcribing agency | Nust |
| 082 ## - DEWEY DECIMAL CLASSIFICATION NUMBER | |
| Classification number | 621.4023 |
| Author Mark | GAN |
| 100 ## - MAIN ENTRY--PERSONAL NAME | |
| Personal name | V Ganesan |
| 9 (RLIN) | 124605 |
| 245 ## - TITLE STATEMENT | |
| Title | Internal Combustion Engines |
| 250 ## - EDITION STATEMENT | |
| Edition statement | 2nd Edition |
| 260 ## - PUBLICATION, DISTRIBUTION, ETC. | |
| Place of publication, distribution, etc. | New Delhi: |
| Name of publisher, distributor, etc. | McGraw-Hill, |
| Date of publication, distribution, etc. | 2004. |
| 650 ## - SUBJECT ADDED ENTRY--TOPICAL TERM | |
| Topical term or geographic name entry element | Internal Combustion Engines |
| 942 ## - ADDED ENTRY ELEMENTS (KOHA) | |
| Source of classification or shelving scheme | |
| Koha item type | Book |
| Withdrawn status | Lost status | Source of classification or shelving scheme | Damaged status | Not for loan | Permanent Location | Current Location | Shelving location | Date acquired | Total Checkouts | Full call number | Barcode | Date last seen | Price effective from | Koha item type |
|---|---|---|---|---|---|---|---|---|---|---|---|---|---|---|
| College of Electrical & Mechanical Engineering (CEME) | College of Electrical & Mechanical Engineering (CEME) | General Stacks | 07/19/2024 | 621.4023 GAN | CEME- 41033 | 07/19/2024 | 07/19/2024 | Book |
